000 00803nam a22002417a 4500
005 20170124110315.0
010 _aB-44036
020 _c00.00
_a007460208
035 _aB-44036
037 _bCen Lib/Ret
040 _aDPL
_bEN
082 _a658.15
_bKHA
100 _aKhan, M.Y.
_914186
245 _aFinancial management :
_cby M.Y. Khan [and] P.K. Jain
_btext and problems /
260 _aNew Delhi
_bTata McGrwa-Hill Publishing company
_c1993
270 _bNew Delhi
_a4/12 Asaf Ali road
_e110002
300 _axvi,766p.
_c21cm(Hb)
500 _aIncludes glossary, appendix, bibliographical references and index
650 _aFinancial management
_998365
650 _aMathematics of finance
_998366
700 _aJain, P.K.
_925051
942 _2ddc
_cEN
_h658.15
_mKHA
999 _c137183
_d137183